| 000 | 00327nam a22001217a 4500 | ||
|---|---|---|---|
| 082 |
_a574 _bSAT/B |
||
| 100 | _aSATISH & BROTHERS | ||
| 245 |
_aBIOLOGY 2012 COMPARTMENT QUESTION PAPERS _bCLASS XII |
||
| 260 |
_aDELHI _bSATISH & BROTHERS _c2012 |
||
| 300 | _a388 | ||
| 650 |
_aBIOLOGY QUESTION PAPERS FOR CLASS XII _zINDIA |
||
| 942 | _cBK | ||
| 999 |
_c733 _d733 |
||